Planting date and varietial effects on agronomic and seed compositional characters in soybeans
Zapisane w:
| 1. autor: | |
|---|---|
| Format: | Książka |
| Język: | Undetermined |
| Wydane: |
Maryland
University of Maryland
1961
|
| Hasła przedmiotowe: | |
| Etykiety: |
Dodaj etykietę
Nie ma etykietki, Dołącz pierwszą etykiete!
|
| Thư viện lưu trữ: | Trung tâm Học liệu Trường Đại học Cần Thơ |
|---|
| LEADER | 00552nam a2200181Ia 4500 | ||
|---|---|---|---|
| 001 | CTU_38739 | ||
| 008 | 210402s9999 xx 000 0 und d | ||
| 082 | |a 633.34 | ||
| 082 | |b L488 | ||
| 100 | |a R C Leffel | ||
| 245 | 0 | |a Planting date and varietial effects on agronomic and seed compositional characters in soybeans | |
| 245 | 0 | |c R C Leffel | |
| 260 | |a Maryland | ||
| 260 | |b University of Maryland | ||
| 260 | |c 1961 | ||
| 650 | |a soybean,soybean - products | ||
| 904 | |i Liên, 990906 | ||
| 980 | |a Trung tâm Học liệu Trường Đại học Cần Thơ | ||